| 000 | 00509nam a2200193Ia 4500 | ||
|---|---|---|---|
| 008 | 151121s9999||||xx |||||||||||||| ||und|| | ||
| 082 | _a300/RAY | ||
| 082 | _bHNW-58419 | ||
| 100 | _aRay Sibnarayan | ||
| 245 | _aSelected Works Of M। N। Roy | ||
| 260 | _b"Oxford University Press, Delhi" | ||
| 260 | _c-- | ||
| 300 | _a666 | ||
| 600 | _aRay Sibnarayan | ||
| 630 | _aSelected Works Of M। N। Roy | ||
| 700 | _aRay Sibnarayan | ||
| 730 | _aSelected Works Of M। N। Roy | ||
| 942 | _cBOOK | ||
| 999 |
_c1240269 _d1240266 |
||